00715cam a2200205 4500001000500000005001700005008003900022010001600061043003000077100003100107245004500138250001200183260003100195300005900226504005100285650002400336651004800360651004300408651005800451173820181127163912.0731023s1941 nyubf b 001 0 eng a 41021925 acl-----ae-gx---as-bl---1 aGunther, John,d1901-1970.10aInside Latin America /cby John Gunther. a1st ed. aNew York :bHarper,c1941. axi, 498 p., [1] folded leaf of plates :bmap ;c23 cm. aIncludes bibliographical references and index. 0aPropaganda, German. 0aBrazilxPolitics and governmenty1930-1945. 0aLatin AmericaxDescription and travel. 0aLatin AmericaxPolitics and governmenty20th century.